000 00779nam a2200265 a 4500
008
020 _a0256028095
049 _aMAIN
090 _aHB172
100 1 _aPeterson, Willis L.
245 1 0 _aPrinciples of economics :
_bmicro /
_cWillis L. Peterson.
250 _a5th ed.
260 _aHomewood, Ill. :
_bRichard D. Irwin,
_c1983.
300 _axi, 359 p. :
_bill. ;
_c24 cm.
440 0 _aIrwin publications in economics.
504 _aIncludes bibliographical references.
500 _aIncludes index.
650 0 _aMicroeconomics.
740 _aMicro :
_bprinciples of economics.
907 _a.b10035308
_b01-07-03
_c17-04-03
003
005 20230123133157.0
040 _cNUST
942 _cBOOKS
_kHB172
999 _c144067
_d144067